| 000 | 01320nam2a2200277 4500 | ||
|---|---|---|---|
| 001 | RU\NLR\BIBL_A\010695652 | ||
| 005 | 20260628154214.0 | ||
| 035 | _a(NLR Aleph) 010695652 | ||
| 090 |
_a13739628 _c13739628 |
||
| 100 | _a20150312d1971 m y0rusy50 ca | ||
| 101 | 0 | _aaze | |
| 102 | _aAZ | ||
| 105 | _ay z 000yy | ||
| 200 | 0 |
_aһис. 2 _e(марксист сиjаси игтисадын jарадылмасындан сонракы игтисади тә'лимләр) _fигтисад елм. нам. дос. J. Мәммәдовун ред. илә _g[А. Гасымов, Н. Кәримов, А. Һеjдарзадә и др.] |
|
| 210 | _d1971 | ||
| 215 | _a276,[2] с. | ||
| 320 | _aБиблиогр. в подстроч. примеч. | ||
| 461 | 0 |
_1001RU\NLR\BIBL_A\010695584 _12001#$aИгтисади тә'лимләр тарихи$eали мәктәб тәләбәләри үчүн$vһис. 2 |
|
| 701 | 1 |
_aГасымов _bА. А _gАдил Аббас оғлу _4070 |
|
| 701 | 1 |
_aКәримов _bН. Ә. _gНуру Әһмәд оғлу _4070 |
|
| 701 | 1 |
_aҺеjдарзадә _bӘ. М. _gӘлиһеjдар Мәммәд оғлу _4070 |
|
| 702 | 1 |
_aМәммәдов _bJ. М. _gJури Мәммәд оғлу _4070 _4340 |
|
| 852 |
_aNLR _bОНЛ _jАзерб./3-7900 |
||
| 942 | _cBOOK | ||
| 980 | _aNB | ||